Statistics for Fish, Amphibians, Reptiles and Mammals of BC

Click here to take the quiz!

General Stats

  • This quiz has been taken 215 times
  • The average score is 30 of 125

Answer Stats

Image Name % Correct
American Beaver
92%
Killer Whale
71%
Striped Skunk
70%
Red Fox
66%
Brown Bear
65%
Moose
64%
Black Bear
64%
Snowshoe Hare
60%
Raccoon
57%
Wood Bison
56%
Least Chipmunk
54%
Steelhead
53%
Canada Lynx
53%
Sea Otter
53%
Steller Sea Lion
52%
Giant Pacific Octopus
51%
Roosevelt Elk
51%
Cougar
51%
Mountain Goat
49%
Northern Elephant Seal
48%
North American Porcupine
46%
North Pacific Rattlesnake
46%
Grey Wolf
42%
Wolverine
42%
Pacific Water Shrew
41%
White Sturgeon
41%
Caribou
41%
American Badger
41%
Humpback Whale
41%
Ocean Sunfish
40%
Pacific Bluefin Tuna
40%
Sperm Whale
40%
Coyote
40%
Virginia Opossum
39%
Bobcat
36%
Signal Crayfish
35%
Pacific Leatherback Turtle
34%
Pacific Banana Slug
34%
Pacific Electric Ray
33%
Eastern Grey Squirrel
32%
Western Toad
32%
Rough-Skinned Newt
31%
Northern Pike
30%
Largemouth Bass
29%
Spanish Shawl
27%
River Otter
27%
Wandering Garter Snake
26%
White-Tailed Deer
25%
Groundhog
25%
Pacific Tree Frog
24%
Stoat
22%
Skilton's Skink
22%
Sockeye Salmon
22%
Northern Flying Squirrel
22%
Bighorn Sheep
21%
Meadow Vole
21%
Chinook Salmon
21%
California Mussel
21%
Black Rat
21%
California Sea Cucumber
20%
White-Tailed Jackrabbit
19%
Hoary Marmot
19%
Nutria
19%
Red-Eared Slider
16%
Big Skate
16%
Harbour Seal
15%
American Marten
14%
American Pika
14%
Spiny Dogfish
14%
Brown Rat
14%
Giant Green Sea Anemone
12%
Pacific White-Sided Dolphin
12%
Northern Anchovy
12%
Golden-Mantled Ground Squirrel
12%
Brown Gardensnail
12%
House Mouse
12%
Western Painted Turtle
12%
Common Minke Whale
11%
Licorice Slug
11%
Black-Tailed Deer
11%
Eastern Cottontail
11%
Rubber Boa
10%
Coho Salmon
9%
Wolf Eel
9%
Arctic Grayling
9%
Bat Star
9%
Dover Sole
9%
Salmon Shark
9%
Lion's Mane Jellyfish
8%
Red Sea Urchin
8%
Pacific Herring
8%
Yelloweye Rockfish
7%
Ochre Sea Star
7%
Red Rock Crab
7%
Pacific Razor Clam
6%
Wood Frog
6%
Townsend's Big-Eared Bat
6%
Bluntnose Six-Gill Shark
6%
Spotted Skunk
6%
Northern Leopard Frog
6%
Purple Sea Urchin
6%
Striped Dolphin
4%
Northern Alligator Lizard
4%
Purple Ring Top Snail
4%
Giant Coastal Salamander
4%
Douglas Squirrel
4%
Sunflower Sea Star
4%
Lined Chiton
4%
Western Jumping Mouse
3%
Purple Shore Crab
3%
Hoary Bat
3%
Acorn Barnacle
3%
Sharp-Tailed Snake
2%
Red-Legged Frog
2%
Gooseneck Barnacle
2%
Kelp Greenling
2%
Crystal Jelly
2%
Bushy-Tailed Woodrat
2%
Canary Rockfish
1%
Pygmy Short-Horned Lizard
1%
Fisher
1%
Yellowmouth Rockfish
1%
Kelp Perch
0%
Coeur D'Alene Salamander
0%
Sablefish
0%

Score Distribution

Percentile by Number Answered

Percent of People with Each Score

Your Score History

You have not taken this quiz